00238nam a2200109Ia 4500008004100000100001100041245002200052260001700074650001300091942000700104999001700111190216s9999||||xx |||||||||||||| ||und|| aAntony 0aBhasha Padanangal bNbs Kottayam aLekhanam cBK c25290d25290